| 000 | 00708nam a2200193 i 4500 | ||
|---|---|---|---|
| 001 | 143619 | ||
| 003 | ES-MaACL | ||
| 005 | 20230906200845.0 | ||
| 007 | t| | ||
| 008 | 070214s1930 sp r ||||1| spa d | ||
| 100 | 1 |
_aSerís, Homero, _d1879-1969 _9105555 |
|
| 245 | 1 | 0 |
_aComedia de Preteo y Tibaldo por Perálvarez de Ayllón y Luis Hurtado de Toledo / _cestudio comparativo de la edición príncipe por Homero Serís. |
| 260 |
_aMadrid : _b[s.n.], _c1930 ( _fImp. de la Viuda e Hijos de Jaime Ratés) |
||
| 300 |
_a28 p. ; _c26 cm. |
||
| 500 | _aExtracto del `homenaje a Bonilla y San Martín`. | ||
| 600 | 0 | 4 |
_aAlvarez de Ayllón, Pedro. _920750 |
| 852 |
_aES-MaACL _j1754-F-6 |
||
| 999 |
_c143619 _d143619 |
||